00873nam a22002537a 4500999001500000001000600015003000900021005001700030008004100047020001800088040003800106082001700144100002400161245007000185250002700255260005600282300003700338500002100375505005200396650001800448700002300466942001200489952011800501 c4710d471015073BD-DhUAP20201117142225.0201117r19802008nyua|||| |||| 001 0 eng d a9781403945464 aBD-DhUAPbEngcBD-DhUAPdBD-DhUAP 223a572 CAN  aCantor, Charles R.  aBiophysical chemistry / cCharles R. Cantor and Paul R. Schimmel. aInternational edition. aNew York :bW. H. Freeman,cc1980 [Reprinted 2008]. aparts :billustrations ;c24 cm. aIncludes index.  aP. 3-The behavior of biological macromolecules. aBiochemistry. aSchimmel, Paul R.  2ddccBK 00102ddc4070aUAPCLbUAPCLcGeneral Stacksd2020-11-17o572 CAN P-3p3010015073r2020-11-17t1w2020-11-17yBK